header

Liberal perfectionism : (Record no. 95431)

MARC details
000 -LEADER
fixed length control field 01719nam a2200409 i 4500
001 - CONTROL NUMBER
control field ebr10838303
003 - CONTROL NUMBER IDENTIFIER
control field CaPaEBR
006 - FIXED-LENGTH DATA ELEMENTS--ADDITIONAL MATERIAL CHARACTERISTICS--GENERAL INFORMATION
fixed length control field m o d
007 - PHYSICAL DESCRIPTION FIXED FIELD--GENERAL INFORMATION
fixed length control field cr cn|||||||||
008 - FIXED-LENGTH DATA ELEMENTS--GENERAL INFORMATION
fixed length control field 130723t20142014gw ob 000 0 eng|d
020 ## - INTERNATIONAL STANDARD BOOK NUMBER
Cancelled/invalid ISBN 9783110335262 (hardcover : alk. paper)
International Standard Book Number 9783110336955 (e-book)
040 ## - CATALOGING SOURCE
Original cataloging agency CaPaEBR
Language of cataloging eng
Description conventions rda
-- pn
Transcribing agency CaPaEBR
035 ## - SYSTEM CONTROL NUMBER
System control number (OCoLC)870589994
050 14 - LIBRARY OF CONGRESS CALL NUMBER
Classification number JC574
Item number .C684 2014eb
082 04 - DEWEY DECIMAL CLASSIFICATION NUMBER
Classification number 320.51/3
Edition number 23
100 1# - MAIN ENTRY--PERSONAL NAME
Personal name Couto, Alexandra,
Dates associated with a name 1978-
245 10 - TITLE STATEMENT
Title Liberal perfectionism :
Remainder of title the reasons that goodness gives /
Statement of responsibility, etc Alexandra Couto.
264 #1 - PRODUCTION, PUBLICATION, DISTRIBUTION, MANUFACTURE, AND COPYRIGHT NOTICE
Place of production, publication, distribution, manufacture Berlin :
Name of producer, publisher, distributor, manufacturer De Gruyter,
Date of production, publication, distribution, manufacture, or copyright notice [2014]
Date of production, publication, distribution, manufacture, or copyright notice �2014
300 ## - PHYSICAL DESCRIPTION
Extent 1 online resource (230 pages).
336 ## - CONTENT TYPE
Content type term text
Source rdacontent
337 ## - MEDIA TYPE
Media type term computer
Source rdamedia
338 ## - CARRIER TYPE
Carrier type term online resource
Source rdacarrier
490 1# - SERIES STATEMENT
Series statement Practical philosophy,
International Standard Serial Number 2197-9243 ;
Volume number/sequential designation volume 19
504 ## - BIBLIOGRAPHY, ETC. NOTE
Bibliography, etc Includes bibliographical references.
588 ## - SOURCE OF DESCRIPTION NOTE
Source of description note Description based on print version record.
590 ## - LOCAL NOTE (RLIN)
Local note Electronic reproduction. Palo Alto, Calif. : ebrary, 2014. Available via World Wide Web. Access may be limited to ebrary affiliated libraries.
650 #0 - SUBJECT ADDED ENTRY--TOPICAL TERM
Topical term or geographic name as entry element Liberalism
General subdivision Philosophy.
Topical term or geographic name as entry element Perfection.
Topical term or geographic name as entry element Social justice.
655 #0 - INDEX TERM--GENRE/FORM
Genre/form data or focus term Electronic books.
776 08 - ADDITIONAL PHYSICAL FORM ENTRY
Display text Print version:
Main entry heading Couto, Alexandra.
Title Liberal perfectionism : the reasons that goodness gives.
Place, publisher, and date of publication Berlin : De Gruyter, [2014]
Physical description xii, 218 pages
Series data for related item Practical philosophy ; volume 19
International Standard Serial Number 2197-9243 ;
International Standard Book Number 9783110335262
Record control number (DLC)10838303
797 2# - LOCAL ADDED ENTRY--CORPORATE NAME (RLIN)
Corporate name or jurisdiction name as entry element ebrary.
830 #0 - SERIES ADDED ENTRY--UNIFORM TITLE
Uniform title Practical philosophy ;
Volume number/sequential designation Bd. 19.
856 40 - ELECTRONIC LOCATION AND ACCESS
Uniform Resource Identifier <a href="http://site.ebrary.com/lib/rucke/Doc?id=10838303">http://site.ebrary.com/lib/rucke/Doc?id=10838303</a>
Public note An electronic book accessible through the World Wide Web; click to view

No items available.

© 2026 Rongo University
Contact us: librarian | system librarian | Rongo university